000
00305nam a2200133Ia 4500
100
_a
Oliver/B/M
942
_c
BK
654
_a
electronic
245
_a
Electronic measurement and instrumentation
260
_b
McGraw Hill
_a
Auckland
_c
1986
082
_a
621.381
_b
OLI
300
_a
729
546
_a
ENGLISH
999
_c
30614
_d
30614